Londres para corazones despistados /
Wedi'i Gadw mewn:
| Prif Awdur: | |
|---|---|
| Fformat: | Electronig eLyfr |
| Iaith: | Sbaeneg |
| Cyhoeddwyd: |
Barcelona ; Madrid :
Editorial Egales,
[2005]
|
| Cyfres: | Salir del armario ;
83. |
| Pynciau: | |
| Mynediad Ar-lein: | Digitalia Hispánica |
| Tagiau: |
Ychwanegu Tag
Dim Tagiau, Byddwch y cyntaf i dagio'r cofnod hwn!
|
MARC
| LEADER | 00000nam a2200000Ii 4500 | ||
|---|---|---|---|
| 001 | DIGEGALES0143 | ||
| 003 | NyNyDIG | ||
| 006 | m o d | ||
| 007 | cr ||||||||||| | ||
| 008 | 240808s2005 sp o 000 f spa d | ||
| 035 | |a (OCoLC)1452248162 | ||
| 040 | |a DGITA |b eng |e rda |e pn |c DGITA | ||
| 020 | |a 9788415574446 |q eBook | ||
| 020 | |z 9788495346810 | ||
| 050 | 1 | 4 | |a PQ6713.I723 ebook |
| 100 | 1 | |a Mira Nouselles, Alberto, |e author. | |
| 245 | 1 | 0 | |a Londres para corazones despistados / |c Alberto Mira. |
| 264 | 1 | |a Barcelona ; |a Madrid : |b Editorial Egales, |c [2005] | |
| 300 | |a 1 online resource. | ||
| 336 | |a text |b txt |2 rdacontent | ||
| 337 | |a computer |b c |2 rdamedia | ||
| 338 | |a online resource |b cr |2 rdacarrier | ||
| 347 | |a text file |2 rdaft | ||
| 347 | |b EPUB | ||
| 588 | 0 | |a Online resource; title from ePub title page (Digitalia, viewed August 8, 2024) | |
| 655 | 7 | |a Fiction. |2 lcgft | |
| 791 | 2 | |a Digitalia (Firm), |e distributor. | |
| 793 | 0 | |g Digitalia eBook Collection: |a Editorial Egales | |
| 776 | 0 | 8 | |i Print version: |a Mira Nouselles, Alberto. |t Londres para corazones despistados. |d Barcelona ; Madrid : Editorial Egales, [2005] |z 9788495346810 |
| 830 | 0 | |a Salir del armario ; |v 83. | |
| 856 | 4 | 0 | |3 Digitalia Hispánica |u https://digitalia.unach.elogim.com/a/158429/ |
| 910 | |a Premium collection: 2024 | ||